| 000 | 00909cam a2200229 a 4500 | ||
|---|---|---|---|
| 001 | 000015052 | ||
| 005 | 20200929163937.0 | ||
| 008 | 971201s1995 sp ab b 001 0 spa d | ||
| 020 | _a8478202552 | ||
| 040 |
_aDO-SdBNP _bspa _cLC _dBNPHU |
||
| 082 |
_a291.46 _bS712e |
||
| 100 | 1 |
_aSopeña, Gabriel, _d1962- _934065 |
|
| 245 | 1 | 0 |
_aÉtica y ritual : _baproximación al estudio de la religiosidad de los pueblos celtibéricos / _cGabriel Sopeña Genzor. |
| 260 |
_aZaragoza, España : _bInstitución "Fernando el Católico ; _bDepartamento de Ciencias de la Antigüedad, Universidad de Zaragoza, _c1995. |
||
| 300 |
_a388 p. : _bil., mapas. ; _c32 cm. |
||
| 504 | _aIncluye referencias bibliográficas p. 319-370 e índice. | ||
| 650 | 0 |
_aCeltibéros _934066 |
|
| 650 | 0 |
_aReligiones _xHistoria _94362 |
|
| 650 | 4 |
_aRitos y ceremonias fúnebres _91370 |
|
| 910 | _aCatalogación por copia / LC | ||
| 049 | _aBNGR | ||
| 999 |
_c14625 _d14625 |
||